000 00404nam a2200133Ia 4500
008 231129s9999||||xx |||||||||||||| ||spa||
020 _a958-02-0502-7
040 _bspa
082 _aCo863 R621a
100 _aRivera Jose Eustasio
245 0 _aAnálisis de La Voragine: José Eustasio Rivera (Colombia)
264 _aBogotá Colombia : Voluntad
942 _2ddc
_cBKS
999 _c5060
_d5060